[Event "Magnus Carlsen Invitational 2020"]
[Site "magnuscarlsen.com"]
[Date "2020.04.30"]
[Round "7.1"]
[White "Nepomniachtchi, Ian"]
[Black "Firouzja, Alireza"]
[Result "0-1"]
[WhiteElo "2778"]
[BlackElo "2703"]
[Annotator "TA"]
[PlyCount "128"]
[EventDate "2020.04.18"]
[EventType "tourn"]
[EventCountry "NOR"]
[SourceTitle "playchess.com"]
[Source "ChessBase"]
[SourceQuality "1"]

{[%evp 13,128,18,30,18,27,12,12,0,11,0,13,11,59,59,60,45,49,52,77,74,92,54,72,27,14,17,42,22,24,8,9,13,5,10,24,0,35,40,74,12,13,16,129,117,111,0,0,0,0,-20,-16,-25,-21,-32,0,0,0,0,0,0,0,0,0,0,0,-47,-54,-47,-20,-33,-14,-43,-36,-80,-80,-104,-68,-122,-128,-150,-145,-186,-168,-222,-229,-219,-224,-229,-225,-316,-308,-308,-308,-308,-308,-308,-318,-313,-317,-441,-423,-531,-552,-541,-536,-589,-556,-658,-658,-658,-655,-648,-647,-1045,-1041,-1015,-945]} 1. e4 c6 2. d4 d5 3. e5 Bf5 4. Nf3 e6 5. Be2 Ne7 6. c3 h6 7. O-O Nd7 8. Nbd2 {B12: Caro-Kann: Advance Variation.} a5 9. Re1 a4 10. Nf1 {The position is equal.} Bg6 11. Ng3 {[#]} c5 $146 ({Predecessor:} 11... Nc8 12. h4 Be7 13. h5 Bh7 14. Be3 O-O 15. Qd2 Ncb6 16. b3 c5 17. Nh2 Rc8 {0-1 (61) Lobanov,S (2528)-Schekachikhin,M (2428) St Petersburg 2019}) 12. Bb5 Qa5 (12... a3 $5) 13. Bxd7+ $1 Kxd7 14. dxc5 $1 Qxc5 15. Be3 Qb5 16. Nd4 Qd3 17. Qc1 Nc6 18. Rd1 Qc4 19. f4 Bc5 20. f5 Bxd4 21. Bxd4 Bxf5 22. Nxf5 exf5 23. Qf4 Ne7 24. Rab1 Ra6 25. b3 axb3 26. Rxb3 (26. axb3 $16 Qc6 27. c4 $1 {[%mdl 512]}) 26... b5 $11 27. Rdb1 Ra5 {[#]} (27... Rxa2 $2 28. Rxb5 Rc8 29. e6+ fxe6 30. Qe5 $18 (30. Rb6 Qe2 $11) (30. Rb7+ Rc7 $14)) (27... g5 $11 28. Qg3 Rc8) 28. a4 $1 {[%mdl 512]} Rha8 (28... Rxa4 29. Rxb5) 29. Qf3 (29. axb5 $6 Ra1 $11) ({White should play} 29. Rb4 $16 Qe2 30. R4b2) 29... Rxa4 {Hoping for ...Ra1.} 30. Rxb5 Ra1 {And now ...Qxb5 would win.} 31. Rb7+ Ke6 32. Qd1 Rxb1 33. Qxb1 {Rxe7+! is the strong threat.} Ra6 (33... Nc6 $5 {[%cal Rc6d4]} 34. Rb6 Ra6 $15) 34. h3 f4 35. Rb8 Qe2 36. Rb2 Qe4 {Threatens to win with ...Qxb1+.} 37. Qf1 Rc6 {White should prevent ...Nf5.} 38. Kh2 {[#]} f3 $1 {[%mdl 512]} 39. Qxf3 (39. Qb5 {looks sharper.} h5 40. Rf2 fxg2 41. Rxg2 Qf4+ 42. Kh1) 39... Qxf3 40. gxf3 {[%mdl 4096] Endgame KRB-KRN} Nf5 41. Kg2 g5 42. Kf2 Ra6 43. Ke2 Nh4 {Black continues to play with concentration.} (43... Nxd4+ 44. cxd4 f6 45. exf6 $11) 44. Ke3 Ng6 45. Rb8 (45. Rb7 $1 $15) 45... Nf4 $1 $17 46. Rh8 Kf5 47. Rf8 {[#]} Kg6 $1 48. Rg8+ (48. h4 $142) 48... Kh7 $19 49. Rf8 {[#]} Kg7 $1 {[%cal Rg7f8]} 50. Rc8 Ra2 {[%csl Gf4][%cal Ra2e2]} 51. Bc5 (51. e6+ $142 Kg6 52. Bc5 (52. Rg8+ $2 Kf5 $19) 52... Nxe6 53. Bd6) 51... Re2+ ({Weaker is} 51... Nxh3 52. Bf8+ Kh7 53. Bxh6 $11) 52. Kd4 Rd2+ ({Worse is} 52... Nxh3 53. Bf8+ Kg8 54. Bxh6+ Kh7 55. Rc6 $11) 53. Ke3 Rd3+ 54. Kf2 Nxh3+ 55. Kg3 Nf4 56. Bf8+ Kg6 {aiming for ...Rd2.Black is clearly winning.} 57. Rc6+ Ne6 58. Kf2 {If White can now play Ke2 this consolidates a bit.} Rd2+ 59. Ke3 Ra2 60. Rc8 h5 61. Be7 h4 62. Rh8 {[#]} h3 $1 {[%mdl 512]} 63. Rxh3 {[#]} d4+ $1 {[%mdl 512]} 64. Ke4 (64. cxd4 Nf4) 64... Re2+ {Accuracy: White = 59%, Black = 88%.} 0-1

[Event "Magnus Carlsen Invitational 2020"]
[Site "magnuscarlsen.com"]
[Date "2020.04.30"]
[Round "7.1"]
[White "Giri, Anish"]
[Black "Caruana, Fabiano"]
[Result "1/2-1/2"]
[WhiteElo "2731"]
[BlackElo "2773"]
[Annotator "TA"]
[PlyCount "100"]
[EventDate "2020.04.18"]
[EventType "tourn"]
[EventCountry "NOR"]
[SourceTitle "playchess.com"]
[Source "ChessBase"]
[SourceQuality "1"]

{[%evp 9,100,-10,-10,-16,0,0,8,0,0,0,0,0,0,-10,25,0,39,-9,0,-40,41,31,40,55,71,59,71,72,88,31,54,0,10,10,27,37,34,18,14,7,28,11,14,7,8,8,15,7,4,10,39,35,43,66,32,19,27,27,31,17,31,0,0,0,0,-4,0,0,0,0,0,0,8,0,0,0,8,8,8,7,8,0,15,0,8,0,8,8,8,0,0,0,8]} 1. c4 e5 2. d3 Nf6 3. Nf3 Nc6 4. e3 d5 5. cxd5 Nxd5 6. a3 {A20: English Opening: 1...e5.} a5 {is now debated instead of 6...Be7.} 7. Be2 Bd6 8. O-O O-O 9. Nc3 Be6 {[#]} 10. Qc2 $146 ({Predecessor:} 10. Ne4 Be7 11. Qc2 a4 12. Bd2 Nb6 13. Nc5 Bxc5 14. Qxc5 Qf6 15. Bc3 Nd5 16. Qb5 {½-½ (46) Manzo,A (1800)-Rizzi,D (1800) SEMI email 2002}) 10... Qe7 11. Re1 Kh8 12. Bd2 Nb6 13. Na4 Nd7 14. d4 exd4 (14... f5 $15 15. dxe5 Ndxe5) 15. exd4 $14 Qf6 16. Be3 Qg6 17. Qxg6 hxg6 18. Rac1 f6 19. Nh4 (19. g3 $16) 19... Ne7 20. h3 ({White should play} 20. Bd2 $14 Bf7 21. Nc3) 20... g5 21. Nf3 Bd5 22. Nc3 Nb6 23. Nxd5 Nexd5 24. Bd2 g6 25. g3 Kg7 26. Kg2 c6 27. Bd3 a4 28. Re6 Rad8 29. Rce1 Rd7 30. h4 g4 31. Nh2 Nc7 $1 {[%cal Rc7e6]} 32. R6e2 ({Much weaker is} 32. Nxg4 Nxe6 33. Rxe6 Nd5 $11) 32... f5 33. f3 gxf3+ 34. Nxf3 {Black should prevent h5.} Nbd5 35. Bc4 Re7 {The position is equal.} 36. Rxe7+ Bxe7 37. Ng5 Bxg5 38. Bxg5 Re8 39. Rxe8 Nxe8 $11 {[%mdl 4096] Endgame KBB-KNN} 40. Kf3 {next Bxd5 is good for White.} Nd6 41. Bd3 b5 42. g4 fxg4+ 43. Kxg4 Nc4 44. Bc1 Kf6 45. Kf3 Kf7 46. Kg4 Kf6 47. Kf3 Nd6 48. Bg5+ Kf7 49. Kg4 Nc4 50. Bc1 Kf6 {Accuracy: White = 83%, Black = 88%.} 1/2-1/2

[Event "Magnus Carlsen Invitational 2020"]
[Site "magnuscarlsen.com"]
[Date "2020.04.30"]
[Round "7.2"]
[White "Carlsen, Magnus"]
[Black "Ding, Liren"]
[Result "1-0"]
[WhiteElo "2881"]
[BlackElo "2836"]
[Annotator "TA"]
[PlyCount "63"]
[EventDate "2020.04.18"]
[EventType "tourn"]
[EventCountry "NOR"]
[SourceTitle "playchess.com"]
[Source "ChessBase"]
[SourceQuality "1"]

{[%evp 10,63,1,0,-2,-10,0,0,0,-8,-12,-12,0,0,0,-21,0,-14,-12,-13,-22,-23,0,-13,0,0,0,0,0,0,0,0,115,25,25,27,83,80,95,83,129,122,118,105,125,99,272,293,295,276,284,283,529,512,495,474]} 1. e4 c5 2. f4 g6 3. Nf3 Bg7 4. c3 Nf6 5. d3 Nc6 6. Be2 O-O {B21: Sicilian: 2 f4 and Morra Gambit.} 7. O-O b5 8. a3 d6 {The position is equal.} 9. Kh1 a5 {[%cal Ba7a5,Ba5b4][%mdl 32]} 10. Be3 Bb7 11. Nbd2 b4 12. Qc2 {[#]} e6 $146 ({Predecessor:} 12... Rc8 13. Bg1 e6 14. Rad1 Nh5 15. g3 f5 16. Ng5 Qe7 17. Rde1 h6 18. Nh3 Nf6 {0-1 (52) Chigaev,M (2551)-Bocharov,D (2611) Sochi 2016}) 13. axb4 axb4 14. Rxa8 Qxa8 15. Nc4 Qb8 16. e5 Nd5 17. Bg1 $36 {[%mdl 2048] White has the initiative.} dxe5 18. Bxc5 {Black must now prevent Bd6.} Nxf4 19. Bxf8 Bxf8 20. Re1 g5 (20... Bg7 $11) 21. Bf1 ({Better is} 21. Nxg5 $16 {Hoping for d4.} Qd8 22. Nf3) 21... f6 $11 22. Qf2 Ne7 {[#]} (22... Nd8 $11) 23. Nfd2 $1 $16 Nf5 24. Ne4 Qd8 25. Qb6 Qxb6 26. Nxb6 Kg7 27. Nc4 Nh4 $2 {[#] This costs Black the game.} (27... Nd5 $16 {might work better.}) 28. Ra1 $18 Kg6 29. Ra7 Bd5 30. g3 f5 $2 (30... Nf3 31. gxf4 exf4) 31. Nxe5+ ({Not} 31. gxh4 fxe4 32. Nxe5+ Kf5 $16) (31. gxf4 Bxc4 32. dxc4 fxe4 $18) 31... Kh6 32. c4 {Accuracy: White = 87%, Black = 69%.} ({Less strong is} 32. gxh4 fxe4 33. c4 Bc5 $18) 1-0

[Event "Magnus Carlsen Invitational 2020"]
[Site "magnuscarlsen.com"]
[Date "2020.04.30"]
[Round "7.2"]
[White "Nakamura, Hikaru"]
[Black "Vachier-Lagrave, Maxime"]
[Result "1/2-1/2"]
[WhiteElo "2829"]
[BlackElo "2860"]
[Annotator "TA"]
[PlyCount "104"]
[EventDate "2020.04.18"]
[EventType "tourn"]
[EventCountry "NOR"]
[SourceTitle "playchess.com"]
[Source "ChessBase"]
[SourceQuality "1"]

{[%evp 9,104,23,35,0,2,0,0,0,0,-25,-12,-28,-14,-18,7,9,6,9,0,1,0,0,0,0,0,0,0,0,0,-14,-10,-8,-7,-10,0,-51,0,0,0,0,0,0,0,0,0,0,0,0,0,0,0,-14,0,0,0,0,0,0,0,0,0,0,0,0,0,0,0,0,0,0,0,0,0,0,0,0,0,0,0,0,0,0,0,0,0,0,0,0,0,0,0,0,0,0,0,0,0]} 1. d4 Nf6 2. Bg5 Ne4 3. Bf4 d5 4. e3 e6 5. Bd3 Bd6 6. Bxe4 {Bd3 is the strong threat. A45: Trompowsky Attack.} (6. Ne2 {feels hotter.} Nf6 7. c4 dxc4 8. Bxc4 Nc6 9. O-O) 6... Bxf4 7. exf4 {Hoping for Bd3.} dxe4 8. Nc3 Nc6 {[#]} 9. d5 $146 ({Predecessor:} 9. Nge2 f5 10. Qd2 O-O 11. O-O-O a5 12. h3 a4 13. a3 b5 14. d5 exd5 15. Qxd5+ Qxd5 16. Rxd5 {½-½ (58) Vitiugov,N (2726)-Grandelius,N (2643) Doha 2016}) 9... Nb4 10. Qd2 O-O 11. Nxe4 exd5 12. Qxb4 dxe4 13. Ne2 Re8 14. O-O e3 15. fxe3 Rxe3 16. Rad1 Qe8 17. Ng3 b6 18. Rfe1 Bg4 19. Rc1 Rd8 {White must now prevent ...a5.} (19... a5 $5 20. Qd2 $8 Rxe1+ 21. Rxe1 Qd7 $11) 20. Nf1 $1 {[%cal Rf1e3]} Rxe1 21. Rxe1 Qc6 22. Ne3 (22. Qe7 $11 Ra8 23. Re3) 22... Bc8 (22... a5 $1 $15 23. Qa3 h5) 23. Qe7 $11 {The position is equal.} Re8 24. Nd5 $1 Be6 25. f5 Kh8 26. Nb4 Qa8 27. Qxc7 Bxf5 28. Rxe8+ Qxe8 {[%cal Re8e1]} 29. Kf2 h5 30. Nd5 Qe4 31. Ne3 Be6 32. b3 h4 33. Qxa7 Qf4+ 34. Ke2 Bg4+ $1 35. Nxg4 Qxg4+ {[%mdl 4160] [#] Endgame Double Attack. KQ-KQ} 36. Kd3 {Threatens to win with Qa8+.} Qxg2 37. Qb8+ Kh7 38. Qf4 Qd5+ 39. Kc3 Qc5+ 40. Kb2 Qe7 41. a4 g5 42. Qd4 f5 {aiming for ...Qg7.} 43. Qxb6 Qe5+ {[%mdl 64] [#] Double Attack} 44. Ka2 Qxh2 45. Qc5 {Strongly threatening a5.} Qg2 {And now ...Kg6 would win.} 46. Qxf5+ Kg7 47. Qd7+ Kh6 48. Qe6+ Kg7 49. Qe7+ Kh6 50. Qf6+ Kh7 51. Qf7+ Kh6 52. Qf8+ Kh7 {A rather calm draw. Accuracy: White = 93%, Black = 95%.} 1/2-1/2

[Event "Magnus Carlsen Invitational 2020"]
[Site "magnuscarlsen.com"]
[Date "2020.04.30"]
[Round "7.2"]
[White "Caruana, Fabiano"]
[Black "Giri, Anish"]
[Result "0-1"]
[WhiteElo "2773"]
[BlackElo "2731"]
[Annotator "TA"]
[PlyCount "134"]
[EventDate "2020.04.18"]
[EventType "tourn"]
[EventCountry "NOR"]
[SourceTitle "playchess.com"]
[Source "ChessBase"]
[SourceQuality "1"]

{[%evp 15,134,5,41,0,6,0,0,1,0,0,8,6,17,-34,-39,-41,-46,-37,-37,-33,-40,-79,-58,-84,-70,-98,-97,-124,-99,-88,-84,-112,-104,-103,-108,-116,-70,-70,-60,-61,-63,-63,-60,-125,-124,-105,-83,-108,-108,-122,-90,-133,-63,-63,-63,-81,-63,-63,-65,-81,-63,-393,-354,-12796,-12823,-12812,-12797,-12813,-12825,-12827,-12827,-12825,-12822,-12805,-12687,-12829,-12815,-12809,-11956,-12397,-6121,-5486,-1234,-1234,-693,-29950,-29950,-29948,0,-686,0,-29950,-29949,-29956,-29957,-29956,-29949,-29947,-29952,-29944,-29951,-29950,-29945,-29946,-29945,-5037,-686,-29952,-29951,-29941,-12798,-29955,-29954,-29958,-29965,-29964,-29967,-29965,-29966,-4701,-9489]} 1. e4 c5 2. Nf3 d6 3. d4 cxd4 4. Nxd4 Nf6 5. Nc3 a6 6. Be3 e5 7. Nf3 Be7 8. Bc4 Be6 9. Nd2 {B90: Sicilian Najdorf: Unusual White 6th moves, 6 Be3 Ng4 and 6 Be3 e5.} Nbd7 {[%cal Bb8d7,Bd7c5,Bc5b3][%mdl 32] [#]} 10. a4 $146 ({Predecessor:} 10. Bxe6 fxe6 11. Qf3 Nf8 12. g4 h5 13. gxh5 Rxh5 14. a4 Qc7 15. a5 Qc6 16. Na4 d5 17. exd5 exd5 {0-1 (35) Zaksaite,S (2205)-Gieben,S (2042) Leiden 2014}) 10... Qc7 11. Bb3 {The position is equal.} O-O 12. O-O Rac8 13. a5 Nc5 14. h3 (14. Ba2 $11) 14... Nxb3 $15 15. cxb3 d5 16. exd5 Nxd5 17. Nxd5 Bxd5 18. Re1 Bb4 19. Bb6 Qc6 $36 {[%mdl 2048] White is under pressure.} 20. f3 Rfe8 21. Ra4 {[#]} Bxb3 $1 {[%mdl 576] Deflection} 22. Qxb3 Bxd2 23. Rd1 Qc2 24. Qxc2 Rxc2 25. Re4 Rxb2 26. Re2 Bc3 27. Rxb2 Bxb2 {[%mdl 4096] Endgame KRB-KRB} 28. Rd7 {[#]} Bd4+ $1 29. Bxd4 ({White should try} 29. Kf1 $1 $15) 29... exd4 $17 30. Rxd4 $15 {KR-KR} g5 31. Rd7 Re5 32. Rxb7 Rxa5 33. Kh2 h5 (33... Ra4 $17 34. Kg3 Kg7) 34. h4 gxh4 35. Rb4 Rb5 36. Rxh4 a5 {[%cal Ba6a5,Ba5a4,Ba4a3,Ba3a2][%mdl 32]} 37. Rc4 {Black converts the advantage convincingly.} Rb8 38. Rc5 $2 {[%mdl 8192]} ({Better is} 38. Ra4 $15) 38... Ra8 $1 $19 39. Rxh5 $2 (39. Rc3 a4 40. Ra3) 39... a4 40. Kg3 a3 41. Rh1 a2 42. Ra1 Kg7 43. Kf4 Kf6 44. Ke4 Ra4+ 45. Kd5 Kf5 46. g3 Ra5+ 47. Kd6 Ra7 (47... Kg5 $142 48. Ke7 f5) 48. Kd5 Rd7+ (48... Ra3 $142 49. Kc4 Kg5) 49. Kc4 Rd2 $1 50. Rh1 Kg5 51. Ra1 Kf5 (51... f5 $142 52. Rh1 Rf2 53. g4 Rb2 54. Ra1 f4 55. Kd5 Re2 56. Kd4 Kh4 57. Rg1 Rb2 58. Ra1 Kg3 59. g5 Kxf3 60. g6 Rg2 61. Rf1+ Ke2 $1 {[%mdl 512]} 62. Ra1 Rxg6 63. Rxa2+ Kf3 64. Ke5 Kg3 65. Ra1 Rb6 66. Rg1+ Kf2 67. Rg7 Ke3 68. Re7 f3 69. Rf7 f2 70. Kd5 Rb1 71. Re7+ Kd3 72. Rd7 f1=Q 73. Ke6+ Ke4 74. Re7 Qf8 75. Kd6+ Kd4 76. Ke6 Rb6+ 77. Kd7 Rb7+ 78. Kc6 Qc8+ 79. Kd6 Rb6#) 52. Rh1 $1 Kg5 (52... Kg6 $19 53. Ra1 Rf2) 53. Ra1 $1 f5 54. g4 f4 $1 55. Rh1 Kg6 56. Ra1 Rf2 57. Kd4 Kg5 58. Ke4 Rb2 59. Kd4 Re2 60. Rh1 {[#]} Kg6 (60... Rh2 $142 $1 {[%mdl 512]} 61. Ra1 (61. Rxh2 a1=Q+) 61... Rd2+ 62. Ke5 Re2+ 63. Kd4 Kh4) 61. Rc1 {White hopes to continue with Rc6+.} Re6 62. Ra1 Ra6 63. Kd3 Ra3+ 64. Ke2 Kf6 65. Kf2 Ke5 66. Kg2 Kd4 67. g5 {[#]} Ke5 $1 {Accuracy: White = 60%, Black = 78%.} 0-1

[Event "Magnus Carlsen Invitational 2020"]
[Site "magnuscarlsen.com"]
[Date "2020.04.30"]
[Round "7.2"]
[White "Firouzja, Alireza"]
[Black "Nepomniachtchi, Ian"]
[Result "0-1"]
[WhiteElo "2703"]
[BlackElo "2778"]
[Annotator "TA"]
[PlyCount "78"]
[EventDate "2020.04.18"]
[EventType "tourn"]
[EventCountry "NOR"]
[SourceTitle "playchess.com"]
[Source "ChessBase"]
[SourceQuality "1"]

{[%evp 12,78,21,33,45,52,46,27,62,52,62,58,65,47,68,29,38,33,53,0,0,-10,-2,-13,-10,-18,-10,-7,-9,-84,-76,-77,-89,-83,-73,-77,-78,-68,-76,-151,-135,-145,-70,-96,-71,-114,-99,-108,-123,-129,-102,-155,-162,-213,-171,-301,-315,-318,-263,-236,-222,-761,-760,-758,-755,-709,-695,-695,-677]} 1. d4 f5 2. g3 Nf6 3. Bg2 g6 4. Nd2 Bg7 5. e4 fxe4 6. Nxe4 Nxe4 7. Bxe4 O-O {A81: Dutch Defence: 2 g3.} 8. Bg2 d6 9. Nf3 c6 {White has an edge.} 10. O-O {[#]} Bg4 $146 ({Predecessor:} 10... Na6 11. c3 Nc7 12. Re1 Kh8 13. Qb3 Qe8 14. Bf4 Rf6 15. Bg5 Rf7 16. Nh4 e5 17. dxe5 dxe5 {1-0 (40) Gavrikov,V (2535)-Sanz Alonso,F (2420) Berlin West 1989}) 11. c3 Qd7 12. Re1 Kh8 13. Qd3 Na6 {[%cal Bb8a6,Ba6c7,Bc7d5,Bd5f6][%mdl 32]} 14. Ng5 Nc7 15. Qe4 ({Better is} 15. f4 $14) 15... h6 $11 16. h3 Bf5 17. Qh4 {aiming for Nf3.} Kg8 $1 18. Ne4 g5 19. Qh5 Nd5 20. h4 {[#]} (20. g4 $11 Bxe4 21. Bxe4) 20... Bg4 $1 $17 {[%cal Rg4h5]} 21. Qg6 {[#]} e6 $1 {Strongly threatening ...Ne7.} 22. Nd2 (22. hxg5 $2 Ne7 $19) 22... Bf5 23. Qh5 Nf6 24. Qe2 gxh4 25. gxh4 (25. Nc4 $142) 25... Rae8 26. Nf1 Bg4 ({Black should try} 26... e5 $17 {...exd4 is the strong threat.} 27. dxe5 Ng4) 27. Qd3 Qf7 28. Bf4 Nh5 29. Bg3 Nxg3 30. fxg3 Qf2+ 31. Kh2 (31. Kh1 $142) 31... e5 {[%cal Re5d4]} 32. dxe5 (32. Nd2 $142) 32... Bf3 $40 {[%csl Gf3][%cal Rf2g2][%mdl 128] Black attacks with force.} ({Worse is} 32... dxe5 33. Nd2 $11) (32... Qxb2 33. Ne3 $11) 33. Ne3 (33. Qd2 {was the only defense.} Bxg2 34. Re2 Qxf1 35. Rxf1 Bxf1 36. Rf2 Rxe5 37. Rxf8+ Bxf8 38. Qd1) 33... Rxe5 34. Qf1 Bxg2 35. Nxg2 Qxb2 36. Qd3 $2 {[#]} (36. Qc4+ d5 37. Qb4) 36... Rf2 $1 {Black is clearly winning.} 37. Rxe5 Rxg2+ ({Not} 37... Bxe5 38. Qg6+ Bg7 39. Rg1 $17) 38. Kh3 Rh2+ ({Stronger than} 38... Qxa1 39. Re8+ Kf7 40. Kxg2 $11) 39. Kg4 {And now Re8+ would win.} dxe5 {Accuracy: White = 56%, Black = 92%.} 0-1

[Event "Magnus Carlsen Invitational 2020"]
[Site "magnuscarlsen.com"]
[Date "2020.04.30"]
[Round "7.3"]
[White "Vachier-Lagrave, Maxime"]
[Black "Nakamura, Hikaru"]
[Result "0-1"]
[WhiteElo "2860"]
[BlackElo "2829"]
[Annotator "TA"]
[PlyCount "186"]
[EventDate "2020.04.18"]
[EventType "tourn"]
[EventCountry "NOR"]
[SourceTitle "playchess.com"]
[Source "ChessBase"]
[SourceQuality "1"]

{[%evp 18,186,-6,-14,0,0,0,6,0,0,-1,-16,-15,-25,-20,-16,-2,-24,-21,-37,-18,-18,22,-60,-20,-30,10,0,0,0,154,27,20,39,90,90,96,67,87,37,29,28,38,0,0,0,0,0,0,0,0,0,0,7,17,-141,-143,-193,-185,-195,-189,-193,-192,-229,-214,-225,-214,-216,-184,-183,-184,-180,-143,-156,-152,-148,-114,-113,-114,-113,-113,-110,-96,-96,-89,-106,-52,-52,-52,-52,-52,-172,-172,-172,-172,-172,-172,-172,-172,-172,-172,-172,-172,-172,-172,-172,-172,-172,0,-172,-172,-172,-110,-110,-110,-115,-115,-115,-110,-110,-116,-160,-160,-154,-154,-300,-139,-149,-132,-132,-132,-132,-132,-132,-132,-162,-162,-132,-132,-132,-132,-168,-132,-133,-132,-168,-168,-171,-174,-180,-36,-202,-205,-205,-202,-887,-887,-638,-601,-887,-887,-895,-895,-895,-887,-887,-887,-887,-887,-836,-773]} 1. Nf3 d5 2. g3 c5 3. Bg2 Nf6 4. O-O e6 5. b3 Be7 6. Bb2 O-O 7. d3 Nc6 8. Nbd2 b6 9. e3 Bb7 10. c4 Qd7 $5 {[%mdl 4] A promising side line. A14: English Opening: 1...e6 with b3 by White.} 11. Qe2 {[#]} d4 $5 $146 {[%mdl 8] An interesting novelty.} ({Predecessor:} 11... Rfd8 12. Rfd1 Rac8 13. a3 Qe8 14. e4 d4 15. Ne1 e5 16. f4 a6 17. f5 b5 18. g4 {1-0 (51) Evdokimov,A (2492)-Duzhakov,I (2424) Moscow 2017}) 12. exd4 cxd4 {The position is equal.} 13. a3 a5 $1 14. Rae1 Rad8 15. Nh4 Ne8 16. Nhf3 Qc8 17. Qd1 f6 18. Bh3 f5 19. Bg2 Bf6 20. c5 (20. b4 $11) 20... bxc5 21. Qc2 Be7 22. Nc4 Nc7 23. Bc1 Nb5 $2 (23... Nd5 $11) 24. Bf4 (24. Ng5 $16) 24... Rde8 25. Nb6 Nxa3 ({Black should try} 25... Qd8 $14 26. Rxe6 Nxa3) 26. Qe2 $1 $16 Qd8 {Strongly threatening ...e5.} 27. Qxe6+ Kh8 28. Nd7 Bc8 29. Qxc6 Bxd7 30. Qd5 {Ne5 is the strong threat.} Nc2 $1 $36 {[%cal Rc2e1][%mdl 2048] Black has good play.} 31. Rxe7 {[%mdl 64] Remove Defender} Qxe7 32. Bd6 {[%mdl 64] Double Attack} Qe6 33. Ng5 $1 {[%cal Rg5e6]} Qxd5 34. Bxd5 h6 35. Nf7+ Kh7 36. Bxc5 $2 (36. Bxf8 $11 Rxf8 37. Ne5) 36... Rg8 $1 $17 37. Rc1 Ne1 $1 {[%cal Re1d3]} 38. Bxd4 {Black must now prevent Ne5.} Be6 39. Bxe6 Rxe6 40. Bc3 Nxd3 41. Rd1 Nc5 42. Bxa5 f4 43. b4 Nb3 44. Nd8 Re2 45. gxf4 Nxa5 46. bxa5 {[%mdl 4096] Endgame KRR-KRN} Rf8 47. a6 {[#]} Ra2 $1 {[%mdl 1024] Black has strong compensation.} ({Don't play} 47... Rxf4 48. a7 $15) 48. Ne6 Rf6 49. Rd6 h5 50. Kg2 Ra3 51. h4 Kg6 (51... Kh6 $17) 52. Rd5 $15 Kh6 53. f5 $1 Rxa6 54. Ng5 (54. Kg3 $15) 54... Ra4 $19 55. f3 Rf4 56. Kg3 R4xf5 57. Rd8 Kg6 58. Ra8 Rb5 59. Rc8 Ra6 60. Rc7 Rb1 61. Rd7 Rg1+ 62. Kf2 Rb1 63. Kg3 $1 Re1 64. Rb7 Ra2 (64... Re2 $19 65. Rb5 Rea2) 65. Rb6+ $17 Kf5 66. Rb5+ Re5 67. Rb7 Ree2 68. Rb5+ {[#]} Kf6 $1 69. Rb6+ Ke5 {( -> ...Rg2+)} 70. Rb5+ Kd4 71. Ne4 (71. Rb7 $17 {was necessary.}) 71... Rg2+ (71... Rh2 $19 {and Black stays clearly on top.} 72. Rb4+ Kd3) 72. Kf4 g6 73. Rb6 Ra5 {[%csl Gg6][%cal Ra5f5]} 74. Rf6 Kd3 75. Rd6+ Kc2 76. Ng5 Ra4+ 77. Ne4 Rb4 78. Rd5 Rb8 79. Ra5 Kd3 {And now ...Rf8+ would win.} 80. Ra3+ Kc4 81. Ra4+ Kb5 82. Nc3+ Kc6 83. Ra6+ Rb6 (83... Kd7 $19 {Hoping for ...Rf8+.} 84. Ra7+ Kc6 85. Ra6+ Kd7) 84. Ra8 $2 {This move loses the game for White.} (84. Rxb6+ $15 Kxb6 85. Ne4) 84... Rb4+ $19 85. Ne4 Rb1 86. Ng3 $2 {[#]} (86. Rc8+ Kd7 87. Rc4) 86... g5+ $1 {Black is clearly winning.} 87. hxg5 (87. Kxg5 Rxg3+) 87... h4 88. Ne4 h3 89. Rh8 h2 90. Rh6+ Kd7 91. Rh7+ Kd8 92. Rh8+ Ke7 93. Rh7+ Kf8 {Accuracy: White = 68%, Black = 80%.} 0-1

[Event "Magnus Carlsen Invitational 2020"]
[Site "magnuscarlsen.com"]
[Date "2020.04.30"]
[Round "7.3"]
[White "Ding, Liren"]
[Black "Carlsen, Magnus"]
[Result "1-0"]
[WhiteElo "2836"]
[BlackElo "2881"]
[Annotator "TA"]
[PlyCount "53"]
[EventDate "2020.04.18"]
[EventType "tourn"]
[EventCountry "NOR"]
[SourceTitle "playchess.com"]
[Source "ChessBase"]
[SourceQuality "1"]

{[%evp 9,53,36,53,45,54,0,0,-4,-8,-30,-6,-14,-8,-19,-28,-54,-45,-33,0,0,0,0,116,0,112,108,1212,179,192,183,608,616,587,606,551,524,799,778,1820,1741,2112,2090,11237,12328,2123,1902]} 1. e4 c5 2. Nf3 Nc6 3. Bb5 {[#]} h5 $146 ({Predecessor:} 3... g6 4. O-O Bg7 5. Bxc6 dxc6 6. d3 Nf6 7. h3 O-O 8. Nc3 Ne8 9. Be3 b6 10. e5 Nc7 11. Re1 Nd5 12. Qd2 Nxe3 13. Qxe3 h6 14. Rad1 Qc7 15. Qf4 Rd8 16. b3 Bf5 17. h4 Qc8 18. Re3 Bg4 {1-0 (35) Caruana,F (2835)-Saric,I (2646) chess.com INT 2020}) 4. h3 e6 5. c3 Nf6 6. e5 {B30: Sicilian: 2...Nc6 3 Bb5, lines without ...g6.} Nd5 7. d4 ({White should try} 7. Bxc6 $14 bxc6 8. d3) 7... cxd4 $11 8. O-O {The position is equal.} dxc3 9. Nxc3 Nxc3 10. bxc3 Qc7 11. Re1 b6 12. Ng5 Bb7 $1 13. Qf3 Nxe5 {[%mdl 64] Discovered Attack} 14. Qf4 $1 Bd6 $1 {[#] ...Nf3+! is the strong threat.} 15. Rxe5 $1 {[%mdl 512]} Bxe5 (15... O-O $11 {keeps the balance.} 16. Qh4 f6 {[%mdl 64] Double Attack} 17. Qxh5 fxg5) 16. Qxf7+ $16 Kd8 {Threatens to win with ...a6.} 17. Ba3 {Strongly threatening Nxe6+!} a6 $2 {[%mdl 8192] [#] Loses the game.} ({Wrong is} 17... Bxc3 $2 18. Rc1 $1 $18 {[%mdl 512]}) (17... Kc8 $16) 18. Rd1 $2 (18. Nxe6+ $1 {[%mdl 512]} dxe6 19. Qxe6 Bh2+ 20. Kh1 axb5 21. Rd1+ Bd6 22. Bxd6 Bxg2+ 23. Kxg2 Qc6+ 24. Kg3 h4+ 25. Kh2) 18... Kc8 $18 19. Rxd7 $40 {[%mdl 128] White attacks with force.} Bh2+ $2 (19... Qxc3 20. Bf1 (20. Rxb7 Rd8 $11) 20... Qc6 21. Rxb7 Qxb7) 20. Kh1 {White is clearly winning.} axb5 21. Rxc7+ Bxc7 22. Nxe6 {[%csl Ge6][%cal Rf7c7]} Be5 23. Bf8 {[%cal Rf7e8]} Bc6 24. Bxg7 Bd6 25. Bxh8 Rxa2 26. Qg8+ Kd7 27. Nf8+ {[%mdl 64] Discovered Attack. Accuracy: White = 68%, Black = 47%.} 1-0